| 000 | 00875cam a22002774a 4500 | ||
|---|---|---|---|
| 005 | 20131115085323.0 | ||
| 008 | 020910s2003 ncu b 001 0 eng | ||
| 020 | _a0822329786 | ||
| 020 | _a082232993X | ||
| 041 | 0 | _aeng | |
| 080 |
_a341 _x(4) |
||
| 100 | 1 | _aNugent, Neill. | |
| 245 | 1 | 4 |
_aThe government and politics of the European Union / _cNeill Nugent. |
| 250 | _a5th ed. | ||
| 260 |
_aDurham : _bDuke University Press, _c2003. |
||
| 300 |
_a 555 f. ; _c24 cm. |
||
| 500 | _aPreface : f. XVIII-XIX | ||
| 504 | _aIncludes bibliographical references (p. 534-546) and index. | ||
| 610 | 2 | 0 | _aUnioni Europian |
| 610 | 2 | 0 | _aKomisioni i komunitetit Europian |
| 610 | 2 | 0 | _aKëshilli i komuniteteve Europiane |
| 610 | 2 | 0 | _aParlamenti europian |
| 610 | 2 | 0 | _aGjykata e Drejtësisë e Komuniteteve Evropiane. |
| 650 | 0 | _aE drejta ndërkombëtare | |
| 942 |
_2udc _cBK |
||
| 999 |
_c333 _d333 |
||